| 000 | 00293 a2200121 4500 | ||
|---|---|---|---|
| 999 |
_c321805 _d321805 |
||
| 001 | 86732 | ||
| 003 | NUST | ||
| 005 | 20180123111910.0 | ||
| 008 | 180123b xxu||||| |||| 00| 0 eng d | ||
| 082 | _a891.4393 RAS | ||
| 100 |
_aRashid Al Khairi _99592 |
||
| 245 |
_aNovel Afsanay _hUrdu |
||
| 260 |
_aLahore _bSang-e-meel Publications _c1999 |
||
| 300 | _a856p. | ||
| 942 |
_aCAE NUST _cBK _k891.4393 RAS _2ddc |
||